Fundamentals of Management (Record no. 5703)

MARC details
000 -LEADER
fixed length control field 00533nam a2200157Ia 4500
003 - CONTROL NUMBER IDENTIFIER
control field SGT
020 ## - INTERNATIONAL STANDARD BOOK NUMBER
International Standard Book Number 9789350140826
082 ## - DEWEY DECIMAL CLASSIFICATION NUMBER
Classification number 658
Item number BHA
100 ## - MAIN ENTRY--PERSONAL NAME
Personal name Bhatia,R.C
245 ## - TITLE STATEMENT
Title Fundamentals of Management
260 ## - PUBLICATION, DISTRIBUTION, ETC. (IMPRINT)
Name of publisher, distributor, etc S.K. Kataria & SONS
Place of publication, distribution, etc N.Delhi
Year of Publication 2013
300 ## - PAGE DESCRIPTION
No. of Pages 369p.
650 ## - SUBJECT ADDED ENTRY--TOPICAL TERM
Topical term or geographic name as entry element MANAGEMENT
653 ## - KEYWORDS--INDEX TERM
Keyword term DEVELOPMENT OF MANAGEMENT THOUGHTS, STAFFING:PERSONNEL MANAGEMENT-MANPOWER PLANNING-INTERVIEW- RECRUITMENT-TRAINING AND PROMOTION, PRODUCTION, PLANNING AND CONTROL MANAGEMENT, FINANCIAL MANAGEMENT
942 ## - ADDED ENTRY ELEMENTS (KOHA)
Source of classification or shelving scheme Dewey Decimal Classification
Koha item type Books
Holdings
Withdrawn status Lost status Source of classification or shelving scheme Damaged status Not for loan Home library Current library Date acquired SGTU Total Checkouts Full call number Accession No. (Barcode) Date last seen Bill Date Koha item type
    Dewey Decimal Classification     SGT Engineering Library SGT Engineering Library 05/08/2014 SGTU   658 BHA FE6314 09/02/2015 09/02/2015 Books